Представление документа в формате RUSMARC

ПолеНазваниеЗначение
  Тип записи a
  Библиографический уровень m
001 Контрольный номер RU/IS/BASE/503421077
005 Дата корректировки 20240207193214.8
010 Индекс ISBN __
d Цена 20 р. 00 к.
100 Данные общей обработки __
a Данные общей обработки 20151214d2015 ||| 0rusy0189 ca
101 Язык документа 0_
a Язык текста rus
102 Страна публикации __
a Страна публикации RU
105 Кодированные данные (монография) __
a Кодированные данные (монография) y###||||000|y
200 Заглавие и сведения об ответственности 1_
a Заглавие Библиотерапия
b Общее обозначение материала Текст
e Сведения, относящиеся к заглавию задачи, подходы, методы
e Сведения, относящиеся к заглавию сборник
f Первые сведения об ответственности сост. О. Л. Кабачек
210 Выходные данные 1_
a Место издания Москва
c Издательство БМЦ
d Дата издания 2001
215 Физическое описание __
a Объем 128 с.
225 Серия 0_
a Серия Приложение к журналу " Школьная библиотека") (РГДБ
606 Тематические рубрики 1_
a Основная рубрика Библиотечное обслуживание - Психотерапия
610 Ключевые слова 1_
a Ключевые слова психотерапия
a Ключевые слова обслуживание библиотечное
a Ключевые слова библиотерапия
a Ключевые слова психология библиотечная
a Ключевые слова библиотеки
a Ключевые слова чтение
a Ключевые слова психология чтения
686 Индексы других классификаций __
a Классификационный индекс 78.303+88.4
a Классификационный индекс 88.4
2 Код системы rubbk
801 Источник записи _0
a Страна RU
b Организация Ульяновская ОБДЮ
c Дата составления 20151214
g Правила каталогизации RCR
801 Источник записи _1
a Страна RU
b Организация Ульяновская ОБДЮ
c Дата составления 20151214
g Правила каталогизации RCR
852 Данные о местонахождении __
a Наименование организации Ульяновская ОБДЮ
i Авторский знак Б 59
j Шифр хранения 78
901 Тип документа __
t Тип документа m
910 Корректоры записи __
a Корректор записи Плотникова
919 __
a Плотникова
938 Служебная информация __
a Имя БД MarkBase